[Event "Olympiad-34"]
[Site "Istanbul"]
[Date "2000.11.07"]
[Round "10.4"]
[White "Maftool, Abdul Hadi"]
[Black "Grosar, Aljosa"]
[Result "0-1"]
[WhiteElo "2266"]
[BlackElo "2447"]
[PlyCount "107"]
[EventDate "2000.10.28"]
[EventType "team-swiss"]
[EventRounds "14"]
[EventCountry "TUR"]
[SourceTitle "EXT 2001"]
[Source "ChessBase"]
[SourceDate "2000.11.22"]
[SourceVersion "1"]
[SourceVersionDate "2000.11.22"]
[SourceQuality "1"]
[WhiteTeam "Iraq"]
[BlackTeam "Slovenia"]
[WhiteTeamCountry "IRQ"]
[BlackTeamCountry "SLO"]

1. e4 Nf6 2. e5 Nd5 3. d4 d6 4. Nf3 dxe5 5. Nxe5 g6 6. Bc4 c6 7. Nc3 Be6 8. Qe2 Bg7 9. Ne4 Nd7 10. Nxd7 Qxd7 11. Nc5 Qd6 12. Nxe6 fxe6 13. c3 e5 14. dxe5 Bxe5 15. Bd2 0-0 16. 0-0-0 b5 17. Bb3 Kh8 18. g3 a5 19. Bh6 Rfd8 20. Rhe1 Bf6 21. h4 a4 22. Bxd5 cxd5 23. Bg5 b4 24. Bxf6+ exf6 25. cxb4 Qxb4 26. Qe7 Rd6 27. Rd3 Rb8 28. Re2 Rc6+ 29. Kb1 Qc4 30. Qe3 Re6 31. Qd2 Reb6 32. Qc3 a3 33. b3 Qg4 34. Qe1 Qf5 35. Re8+ Rxe8 36. Qxe8+ Kg7 37. Qe7+ Kh6 38. Qe3+ Kg7 39. g4 Qe4 40. Qxe4 dxe4 41. Rd7+ Kh6 42. Ra7 f5 43. gxf5 gxf5 44. Kc2 Kh5 45. Rxh7+ Kg4 46. Rf7 f4 47. Kc3 Rh6 48. Kd4 Kf3 49. Re7 Rd6+ 50. Kc3 Rc6+ 51. Kd4 Rc2 52. Rxe4 Rxa2 53. Ke5 Re2 54. Kd4 0-1

[Event "Olympiad-34"]
[Site "Istanbul"]
[Date "2000.10.28"]
[Round "1.4"]
[White "Dizdarevic, Emir"]
[Black "Maftool, Abdul Hadi"]
[Result "1/2-1/2"]
[WhiteElo "2527"]
[BlackElo "2266"]
[PlyCount "62"]
[EventDate "2000.10.28"]
[EventType "team-swiss"]
[EventRounds "14"]
[EventCountry "TUR"]
[SourceTitle "EXT 2001"]
[Source "ChessBase"]
[SourceDate "2000.11.22"]
[SourceVersion "1"]
[SourceVersionDate "2000.11.22"]
[SourceQuality "1"]
[WhiteTeam "Bosnia&Herzegovina"]
[BlackTeam "Iraq"]
[WhiteTeamCountry "BIH"]
[BlackTeamCountry "IRQ"]

1. c4 Nf6 2. g3 g6 3. Bg2 Bg7 4. Nc3 0-0 5. d4 d6 6. Nf3 Nc6 7. h3 a6 8. Bg5 h6 9. Be3 Rb8 10. Qd2 Kh7 11. b3 Bd7 12. Rc1 b5 13. Nd5 Ne4 14. Qd3 Bf5 15. Qd1 bxc4 16. Nh4 cxb3 17. axb3 e6 18. Nxf5 exd5 19. Rxc6 gxf5 20. Qc2 Rb7 21. 0-0 Qb8 22. Rc1 Rxb3 23. Rxc7 Qb5 24. Bf3 Nxg3 25. fxg3 Rxe3 26. Qxf5+ Kg8 27. Rf1 Bxd4 28. Kh1 Bg7 29. Rxf7 Rxf7 30. Bxd5 Kh8 31. Bxf7 Qxf5 1/2-1/2